[Event "High League 2022 men"]
[Site "Obninsk"]
[Date "2022.06.27"]
[Round "2.8"]
[White "Riazantsev, Alexander"]
[Black "Shoboev, Dandar"]
[Result "1-0"]
[LiveChessVersion "1.4.7"]
[BlackElo "2244"]
[WhiteElo "2635"]

1. d4 {[%clk 1:29:35]} Nf6 {[%clk 1:30:51]} 2. c4 {[%clk 1:30:24]} c5
{[%clk 1:31:46]} 3. d5 {[%clk 1:28:27]} e6 {[%clk 1:32:09]} 4. Nc3
{[%clk 1:27:43]} exd5 {[%clk 1:32:33]} 5. cxd5 {[%clk 1:28:09]} d6
{[%clk 1:33:00]} 6. e4 {[%clk 1:27:48]} g6 {[%clk 1:33:23]} 7. Be2
{[%clk 1:27:10]} Bg7 {[%clk 1:33:47]} 8. Be3 {[%clk 1:27:29]} O-O
{[%clk 1:34:11]} 9. Nf3 {[%clk 1:27:56]} Bg4 {[%clk 1:34:36]} 10. Nd2
{[%clk 1:25:55]} Bxe2 {[%clk 1:35:00]} 11. Qxe2 {[%clk 1:26:22]} Re8
{[%clk 1:35:24]} 12. f3 {[%clk 1:23:51]} Na6 {[%clk 1:33:00]} 13. Nc4
{[%clk 1:19:50]} Nc7 {[%clk 1:27:01]} 14. a4 {[%clk 1:19:16]} Qe7
{[%clk 1:24:22]} 15. Qd2 {[%clk 1:00:21]} Nd7 {[%clk 1:23:54]} 16. Bg5
{[%clk 0:58:24]} Qf8 {[%clk 1:17:02]} 17. Bf4 {[%clk 0:51:28]} Ne5
{[%clk 1:17:20]} 18. Nxe5 {[%clk 0:51:42]} Bxe5 {[%clk 1:17:46]} 19. Bxe5
{[%clk 0:52:07]} Rxe5 {[%clk 1:18:11]} 20. O-O {[%clk 0:52:34]} Qg7
{[%clk 1:11:31]} 21. Rad1 {[%clk 0:41:02]} Ree8 {[%clk 1:08:10]} 22. f4
{[%clk 0:38:21]} f6 {[%clk 1:04:02]} 23. e5 {[%clk 0:24:15]} dxe5
{[%clk 0:45:46]} 24. d6 {[%clk 0:22:10]} Rad8 {[%clk 0:32:39]} 25. fxe5
{[%clk 0:22:07]} fxe5 {[%clk 0:30:43]} 26. Ne4 {[%clk 0:18:01]} Kh8
{[%clk 0:16:17]} 27. Ng5 {[%clk 0:13:44]} Rd7 {[%clk 0:14:47]} 28. Ne4
{[%clk 0:13:46]} Rdd8 {[%clk 0:12:55]} 29. b4 {[%clk 0:13:28]} cxb4
{[%clk 0:11:32]} 30. Ng5 {[%clk 0:13:33]} Rd7 {[%clk 0:10:57]} 31. Qa2
{[%clk 0:13:40]} Qg8 {[%clk 0:06:16]} 32. Qxg8+ {[%clk 0:07:44]} Kxg8
{[%clk 0:06:43]} 33. Ne4 {[%clk 0:08:01]} Rf8 {[%clk 0:06:18]} 34. Rxf8+
{[%clk 0:07:41]} Kxf8 {[%clk 0:06:46]} 35. Nc5 {[%clk 0:08:01]} 1-0

[Event "High League 2022 men"]
[Site "Obninsk"]
[Date "2022.06.27"]
[Round "2.9"]
[White "Shapiro, David"]
[Black "Artemiev, Vladislav"]
[Result "0-1"]
[LiveChessVersion "1.4.7"]
[BlackElo "2697"]
[WhiteElo "2393"]

1. d4 {[%clk 1:30:57]} Nf6 {[%clk 1:30:42]} 2. c4 {[%clk 1:31:09]} e6
{[%clk 1:30:48]} 3. Nf3 {[%clk 1:30:59]} d5 {[%clk 1:30:43]} 4. Nc3
{[%clk 1:31:10]} c6 {[%clk 1:30:26]} 5. e3 {[%clk 1:30:37]} Nbd7 {[%clk 1:30:34]}
6. Qc2 {[%clk 1:30:36]} Bd6 {[%clk 1:29:53]} 7. b3 {[%clk 1:29:58]} O-O
{[%clk 1:29:29]} 8. Be2 {[%clk 1:29:31]} b6 {[%clk 1:24:20]} 9. O-O
{[%clk 1:29:02]} Bb7 {[%clk 1:24:30]} 10. Bb2 {[%clk 1:29:08]} Qe7
{[%clk 1:20:19]} 11. Rfe1 {[%clk 1:28:01]} Rfe8 {[%clk 1:15:19]} 12. Bf1
{[%clk 1:24:55]} dxc4 {[%clk 1:08:52]} 13. bxc4 {[%clk 1:25:07]} c5
{[%clk 1:09:08]} 14. Be2 {[%clk 1:17:38]} cxd4 {[%clk 1:04:14]} 15. exd4
{[%clk 1:17:36]} Rac8 {[%clk 0:53:45]} 16. Qb3 {[%clk 1:10:35]} Nf8
{[%clk 0:43:40]} 17. Red1 {[%clk 0:55:32]} Ng6 {[%clk 0:42:09]} 18. Nb5
{[%clk 0:47:14]} Bb8 {[%clk 0:40:58]} 19. Ne5 {[%clk 0:46:27]} Ne4
{[%clk 0:30:45]} 20. Qe3 {[%clk 0:29:42]} a6 {[%clk 0:29:07]} 21. Nc3
{[%clk 0:22:38]} Nd6 {[%clk 0:26:14]} 22. Na4 {[%clk 0:19:50]} Nxe5
{[%clk 0:22:15]} 23. dxe5 {[%clk 0:20:08]} Nxc4 {[%clk 0:22:36]} 24. Bxc4
{[%clk 0:19:49]} Rxc4 {[%clk 0:22:56]} 25. Nxb6 {[%clk 0:18:59]} Re4
{[%clk 0:21:47]} 26. Qg3 {[%clk 0:10:23]} h5 {[%clk 0:18:51]} 27. h3
{[%clk 0:02:40]} h4 {[%clk 0:18:43]} 28. Qd3 {[%clk 0:01:20]} Ba7
{[%clk 0:08:52]} 29. Bd4 {[%clk 0:00:34]} Rd8 {[%clk 0:06:54]} 30. Bc5
{[%clk 0:00:38]} Rxd3 {[%clk 0:07:00]} 31. Bxe7 {[%clk 0:01:05]} Rxd1+
{[%clk 0:07:20]} 32. Rxd1 {[%clk 0:01:32]} Bxb6 {[%clk 0:07:37]} 33. Rb1
{[%clk 0:01:38]} Bd4 {[%clk 0:07:13]} 34. Rxb7 {[%clk 0:01:41]} Re1+
{[%clk 0:07:31]} 0-1

[Event "High League 2022 men"]
[Site "Obninsk"]
[Date "2022.06.27"]
[Round "2.10"]
[White "Ponkratov, Pavel"]
[Black "Shuvalova, Polina"]
[Result "0-1"]
[LiveChessVersion "1.4.7"]
[BlackElo "2498"]
[WhiteElo "2631"]

1. Nf3 {[%clk 1:30:57]} d5 {[%clk 1:30:44]} 2. g3 {[%clk 1:31:21]} g6
{[%clk 1:30:53]} 3. c4 {[%clk 1:31:43]} c6 {[%clk 1:30:45]} 4. Bg2
{[%clk 1:31:09]} Bg7 {[%clk 1:31:09]} 5. Qc2 {[%clk 1:31:26]} e5 {[%clk 1:27:39]}
6. d3 {[%clk 1:31:50]} Ne7 {[%clk 1:27:39]} 7. O-O {[%clk 1:30:21]} O-O
{[%clk 1:25:57]} 8. Nbd2 {[%clk 1:30:47]} h6 {[%clk 1:22:29]} 9. Rb1
{[%clk 1:31:08]} a5 {[%clk 1:21:50]} 10. b3 {[%clk 1:31:27]} Be6 {[%clk 1:18:26]}
11. e4 {[%clk 1:27:47]} Na6 {[%clk 1:12:17]} 12. a3 {[%clk 1:27:00]} b5
{[%clk 1:06:02]} 13. exd5 {[%clk 1:23:59]} cxd5 {[%clk 1:06:10]} 14. cxb5
{[%clk 1:24:22]} Rc8 {[%clk 1:05:56]} 15. Qd1 {[%clk 1:24:46]} Nc5
{[%clk 1:04:39]} 16. Ne1 {[%clk 1:22:03]} Bf5 {[%clk 0:52:08]} 17. Qe2
{[%clk 1:22:11]} a4 {[%clk 0:52:03]} 18. Bb2 {[%clk 1:14:52]} Qd6
{[%clk 0:25:02]} 19. b4 {[%clk 1:08:14]} Nd7 {[%clk 0:23:56]} 20. Nef3
{[%clk 1:08:05]} Qb8 {[%clk 0:20:23]} 21. b6 {[%clk 1:07:13]} Rc2
{[%clk 0:19:30]} 22. Nh4 {[%clk 0:57:40]} Be6 {[%clk 0:16:08]} 23. Qd1
{[%clk 0:56:49]} Rxb2 {[%clk 0:14:13]} 24. Rxb2 {[%clk 0:57:12]} g5
{[%clk 0:14:31]} 25. Nhf3 {[%clk 0:49:19]} e4 {[%clk 0:14:54]} 26. Rc2
{[%clk 0:49:46]} exf3 {[%clk 0:15:09]} 27. Nxf3 {[%clk 0:50:12]} Qxb6
{[%clk 0:14:42]} 28. Re2 {[%clk 0:49:20]} Qb5 {[%clk 0:13:34]} 29. h4
{[%clk 0:49:44]} g4 {[%clk 0:12:33]} 30. Ne1 {[%clk 0:49:01]} h5 {[%clk 0:12:40]}
31. Qd2 {[%clk 0:48:29]} Nf5 {[%clk 0:07:55]} 32. Qg5 {[%clk 0:46:18]} Nd4
{[%clk 0:07:24]} 33. Re3 {[%clk 0:46:35]} Nf5 {[%clk 0:07:09]} 34. Re2
{[%clk 0:46:35]} Nf6 {[%clk 0:05:49]} 35. Rc2 {[%clk 0:45:56]} Re8
{[%clk 0:04:57]} 36. Rc5 {[%clk 0:46:15]} Qa6 {[%clk 0:05:02]} 37. Ra5
{[%clk 0:46:15]} Qb6 {[%clk 0:04:40]} 38. Kh2 {[%clk 0:45:51]} Bd7
{[%clk 0:04:56]} 39. Rc5 {[%clk 0:45:28]} Kh7 {[%clk 0:03:20]} 40. Bxd5
{[%clk 1:12:22]} Nxd5 {[%clk 0:30:49]} 41. Rxd5 {[%clk 1:10:14]} Rxe1
{[%clk 0:25:01]} 42. Rxd7 {[%clk 1:10:33]} Rxf1 {[%clk 0:24:55]} 43. Qxf5+
{[%clk 1:10:57]} Qg6 {[%clk 0:23:54]} 44. Qf4 {[%clk 1:10:26]} Qf6
{[%clk 0:19:09]} 45. Kg2 {[%clk 1:09:03]} Qxf4 {[%clk 0:18:50]} 46. gxf4
{[%clk 1:09:29]} Ra1 {[%clk 0:19:05]} 47. Rxf7 {[%clk 1:09:55]} Rxa3
{[%clk 0:16:59]} 48. Ra7 {[%clk 1:10:20]} Rxd3 {[%clk 0:14:26]} 49. Rxa4
{[%clk 1:10:45]} Rd4 {[%clk 0:12:01]} 50. Ra5 {[%clk 1:11:08]} Kg6
{[%clk 0:11:58]} 51. Rg5+ {[%clk 1:11:22]} Kh6 {[%clk 0:12:25]} 52. f5
{[%clk 1:11:48]} Rxb4 {[%clk 0:08:48]} 53. Rg6+ {[%clk 1:12:13]} Kh7
{[%clk 0:09:16]} 54. Rg5 {[%clk 1:12:39]} Bf6 {[%clk 0:09:22]} 55. Rxh5+
{[%clk 1:13:04]} Kg7 {[%clk 0:09:46]} 56. Kg3 {[%clk 1:13:30]} Ra4
{[%clk 0:02:04]} 57. Kg2 {[%clk 1:13:52]} Ra3 {[%clk 0:02:29]} 58. Kh2
{[%clk 1:14:15]} Rb3 {[%clk 0:02:47]} 59. Kg2 {[%clk 1:14:37]} Rf3
{[%clk 0:03:11]} 60. Kg1 {[%clk 1:14:55]} Kf8 {[%clk 0:02:31]} 61. Kg2
{[%clk 1:15:00]} Kg7 {[%clk 0:01:46]} 62. Kg1 {[%clk 1:15:25]} Rd3
{[%clk 0:01:30]} 63. Kg2 {[%clk 1:15:51]} Rc3 {[%clk 0:01:56]} 64. Kg1
{[%clk 1:16:18]} Rb3 {[%clk 0:02:22]} 65. Kg2 {[%clk 1:16:45]} Rh3
{[%clk 0:02:18]} 66. Kg1 {[%clk 1:17:10]} Rxh4 {[%clk 0:02:00]} 0-1

[Event "High League 2022 men"]
[Site "Obninsk"]
[Date "2022.06.27"]
[Round "2.11"]
[White "Dreev, Aleksey"]
[Black "Zakhartsov, Vladimir"]
[Result "1/2-1/2"]
[LiveChessVersion "1.4.7"]
[BlackElo "2483"]
[WhiteElo "2610"]

1. d4 {[%clk 1:30:58]} Nf6 {[%clk 1:30:52]} 2. c4 {[%clk 1:31:22]} e6
{[%clk 1:31:14]} 3. Nc3 {[%clk 1:31:44]} Bb4 {[%clk 1:31:38]} 4. Qc2
{[%clk 1:32:08]} O-O {[%clk 1:32:01]} 5. a3 {[%clk 1:32:26]} Bxc3+
{[%clk 1:32:24]} 6. Qxc3 {[%clk 1:32:50]} b6 {[%clk 1:32:48]} 7. Bg5
{[%clk 1:32:58]} h6 {[%clk 1:32:53]} 8. Bh4 {[%clk 1:32:37]} Bb7 {[%clk 1:33:17]}
9. f3 {[%clk 1:31:01]} d5 {[%clk 1:32:52]} 10. cxd5 {[%clk 1:28:59]} exd5
{[%clk 1:28:15]} 11. e3 {[%clk 1:29:16]} Re8 {[%clk 1:28:06]} 12. Nh3
{[%clk 1:19:04]} c5 {[%clk 1:26:15]} 13. Bb5 {[%clk 1:08:31]} Bc6
{[%clk 1:26:34]} 14. Bxc6 {[%clk 1:07:44]} Nxc6 {[%clk 1:26:59]} 15. O-O
{[%clk 1:07:45]} Rc8 {[%clk 1:27:24]} 16. Rfe1 {[%clk 0:58:23]} 1/2-1/2

[Event "High League 2022 men"]
[Site "Obninsk"]
[Date "2022.06.27"]
[Round "2.12"]
[White "Sakaev, Konstantin"]
[Black "Yeletsky, Ivan"]
[Result "1/2-1/2"]
[LiveChessVersion "1.4.7"]
[BlackElo "2474"]
[WhiteElo "2603"]

1. e4 {[%clk 1:30:55]} e5 {[%clk 1:30:34]} 2. Nf3 {[%clk 1:31:18]} Nc6
{[%clk 1:30:52]} 3. Bb5 {[%clk 1:31:39]} a6 {[%clk 1:30:38]} 4. Ba4
{[%clk 1:32:01]} Nf6 {[%clk 1:30:50]} 5. O-O {[%clk 1:32:22]} Be7
{[%clk 1:31:08]} 6. d3 {[%clk 1:32:24]} b5 {[%clk 1:31:19]} 7. Bb3
{[%clk 1:32:47]} d6 {[%clk 1:31:30]} 8. a4 {[%clk 1:31:55]} Bd7 {[%clk 1:31:17]}
9. c3 {[%clk 1:31:33]} Na5 {[%clk 1:31:28]} 10. Bc2 {[%clk 1:31:51]} c5
{[%clk 1:31:39]} 11. d4 {[%clk 1:15:06]} Qb8 {[%clk 1:31:36]} 12. h3
{[%clk 1:11:47]} h6 {[%clk 1:22:12]} 13. Nbd2 {[%clk 1:09:11]} O-O
{[%clk 1:22:18]} 14. Re1 {[%clk 1:01:37]} Rc8 {[%clk 1:19:30]} 15. dxe5
{[%clk 0:52:34]} dxe5 {[%clk 1:19:41]} 16. axb5 {[%clk 0:53:01]} axb5
{[%clk 1:19:57]} 17. Nf1 {[%clk 0:53:19]} Rd8 {[%clk 1:11:46]} 18. Qe2
{[%clk 0:52:36]} Be6 {[%clk 1:11:40]} 19. Ne3 {[%clk 0:51:45]} c4
{[%clk 1:04:34]} 20. Nf5 {[%clk 0:30:34]} Bf8 {[%clk 1:04:02]} 21. g4
{[%clk 0:24:52]} Nd7 {[%clk 0:57:13]} 22. g5 {[%clk 0:24:35]} h5 {[%clk 0:53:49]}
23. g6 {[%clk 0:23:37]} fxg6 {[%clk 0:54:04]} 24. Ng5 {[%clk 0:23:58]} Bf7
{[%clk 0:49:30]} 25. Nxf7 {[%clk 0:18:18]} Kxf7 {[%clk 0:49:44]} 26. Nh4
{[%clk 0:16:28]} Qb6 {[%clk 0:40:37]} 27. Bg5 {[%clk 0:11:44]} Be7
{[%clk 0:34:49]} 28. Qf3+ {[%clk 0:12:02]} Bf6 {[%clk 0:33:54]} 29. Rad1
{[%clk 0:09:39]} Nf8 {[%clk 0:32:57]} 30. Rd5 {[%clk 0:08:54]} Nc6
{[%clk 0:27:33]} 31. Red1 {[%clk 0:07:58]} Ne7 {[%clk 0:24:51]} 32. Be3
{[%clk 0:07:09]} Qc7 {[%clk 0:22:53]} 33. Rxd8 {[%clk 0:01:57]} Rxd8
{[%clk 0:23:09]} 34. Ra1 {[%clk 0:02:26]} Qc6 {[%clk 0:18:52]} 35. Qg3
{[%clk 0:02:30]} Ra8 {[%clk 0:19:06]} 36. Rd1 {[%clk 0:01:42]} Ra2
{[%clk 0:19:20]} 37. Bc1 {[%clk 0:01:54]} Ra1 {[%clk 0:18:38]} 38. Nf3
{[%clk 0:02:08]} Qc7 {[%clk 0:17:40]} 39. Ng5+ {[%clk 0:01:32]} Kg8
{[%clk 0:17:13]} 40. Kh2 {[%clk 0:31:05]} Bxg5 {[%clk 0:39:38]} 41. Bxg5
{[%clk 0:30:33]} Ra2 {[%clk 0:37:42]} 42. Rb1 {[%clk 0:25:41]} Kh7
{[%clk 0:36:31]} 43. Qh4 {[%clk 0:21:38]} Ra7 {[%clk 0:30:33]} 44. Be3
{[%clk 0:17:45]} 1/2-1/2

[Event "High League 2022 men"]
[Site "Obninsk"]
[Date "2022.06.27"]
[Round "2.13"]
[White "Alekseev, Evgeny"]
[Black "Grebnev, Aleksey"]
[Result "1/2-1/2"]
[LiveChessVersion "1.4.7"]
[BlackElo "2439"]
[WhiteElo "2601"]

1. Nf3 {[%clk 1:30:56]} d5 {[%clk 1:30:47]} 2. e3 {[%clk 1:28:22]} Nf6
{[%clk 1:30:27]} 3. c4 {[%clk 1:26:47]} e6 {[%clk 1:30:28]} 4. d4
{[%clk 1:23:55]} b6 {[%clk 1:24:44]} 5. cxd5 {[%clk 1:11:57]} exd5
{[%clk 1:24:24]} 6. Bb5+ {[%clk 1:11:28]} c6 {[%clk 1:23:29]} 7. Bd3
{[%clk 1:10:08]} Bd6 {[%clk 1:22:57]} 8. O-O {[%clk 1:08:11]} O-O
{[%clk 1:22:36]} 9. Nc3 {[%clk 1:07:49]} Nbd7 {[%clk 1:14:59]} 10. b3
{[%clk 1:00:06]} Re8 {[%clk 1:13:01]} 11. Bb2 {[%clk 0:52:31]} Bb7
{[%clk 1:12:45]} 12. Ne2 {[%clk 0:46:30]} Rc8 {[%clk 1:10:25]} 13. Rc1
{[%clk 0:45:16]} Qe7 {[%clk 0:59:44]} 14. Rc2 {[%clk 0:43:00]} g6
{[%clk 0:54:07]} 15. Nf4 {[%clk 0:40:12]} Ne4 {[%clk 0:52:47]} 16. Be2
{[%clk 0:39:04]} Ng5 {[%clk 0:50:19]} 17. Nd3 {[%clk 0:37:27]} Nxf3+
{[%clk 0:48:26]} 18. Bxf3 {[%clk 0:37:54]} Nf6 {[%clk 0:44:17]} 19. Ne5
{[%clk 0:33:29]} Nd7 {[%clk 0:43:19]} 20. Nd3 {[%clk 0:33:08]} Nf6
{[%clk 0:43:43]} 21. Be2 {[%clk 0:30:55]} Ne4 {[%clk 0:38:58]} 22. Ne5
{[%clk 0:28:07]} f6 {[%clk 0:36:46]} 23. Nf3 {[%clk 0:27:51]} Qf8
{[%clk 0:32:34]} 24. Bd3 {[%clk 0:20:03]} Qh6 {[%clk 0:31:54]} 25. g3
{[%clk 0:18:03]} Rc7 {[%clk 0:31:50]} 26. Nd2 {[%clk 0:15:02]} Nxd2
{[%clk 0:29:56]} 27. Qxd2 {[%clk 0:14:39]} Qf8 {[%clk 0:29:32]} 28. Rfc1
{[%clk 0:13:00]} Qe7 {[%clk 0:28:26]} 29. Bf1 {[%clk 0:10:32]} f5
{[%clk 0:26:57]} 30. Bg2 {[%clk 0:10:31]} 1/2-1/2

[Event "High League 2022 men"]
[Site "Obninsk"]
[Date "2022.06.27"]
[Round "2.14"]
[White "Grigorjev, Iljya"]
[Black "Goryachkina, Aleksandra"]
[Result "1/2-1/2"]
[LiveChessVersion "1.4.7"]
[BlackElo "2599"]
[WhiteElo "2350"]

1. e4 {[%clk 1:30:52]} e6 {[%clk 1:30:38]} 2. d4 {[%clk 1:31:14]} d5
{[%clk 1:30:53]} 3. Nc3 {[%clk 1:31:33]} Bb4 {[%clk 1:29:56]} 4. e5
{[%clk 1:31:47]} c5 {[%clk 1:29:13]} 5. a3 {[%clk 1:32:04]} Bxc3+
{[%clk 1:29:00]} 6. bxc3 {[%clk 1:32:26]} Ne7 {[%clk 1:29:07]} 7. Qg4
{[%clk 1:32:33]} cxd4 {[%clk 1:25:22]} 8. Qxg7 {[%clk 1:31:29]} Rg8
{[%clk 1:25:13]} 9. Qxh7 {[%clk 1:31:46]} Qc7 {[%clk 1:25:10]} 10. Ne2
{[%clk 1:31:57]} Nbc6 {[%clk 1:23:05]} 11. f4 {[%clk 1:32:13]} dxc3
{[%clk 1:19:00]} 12. h4 {[%clk 1:32:05]} Bd7 {[%clk 1:18:02]} 13. h5
{[%clk 1:32:27]} O-O-O {[%clk 1:14:56]} 14. Qd3 {[%clk 1:32:48]} d4
{[%clk 1:12:09]} 15. h6 {[%clk 1:33:09]} Kb8 {[%clk 1:09:59]} 16. h7
{[%clk 1:33:14]} Rh8 {[%clk 1:08:59]} 17. Rb1 {[%clk 1:32:07]} Bc8
{[%clk 1:06:33]} 18. g4 {[%clk 1:28:12]} b6 {[%clk 1:05:18]} 19. Bg2
{[%clk 1:20:57]} Bb7 {[%clk 1:05:17]} 20. Be4 {[%clk 1:18:22]} Ng6
{[%clk 0:58:50]} 21. Rh5 {[%clk 1:10:37]} Nf8 {[%clk 0:52:22]} 22. a4
{[%clk 1:06:05]} Nd7 {[%clk 0:49:56]} 23. Ba3 {[%clk 0:55:25]} Ndxe5
{[%clk 0:45:51]} 24. fxe5 {[%clk 0:55:24]} Nxe5 {[%clk 0:46:06]} 25. Rxe5
{[%clk 0:55:04]} Qxe5 {[%clk 0:46:17]} 26. Bxb7 {[%clk 0:55:19]} Kxb7
{[%clk 0:46:26]} 27. Rb5 {[%clk 0:34:05]} Rd5 {[%clk 0:43:04]} 28. Bc1
{[%clk 0:33:43]} Qh2 {[%clk 0:33:39]} 29. Rxd5 {[%clk 0:30:12]} Qh1+
{[%clk 0:31:45]} 30. Kf2 {[%clk 0:30:35]} Qh2+ {[%clk 0:28:55]} 31. Kf1
{[%clk 0:27:40]} Qh1+ {[%clk 0:27:30]} 32. Kf2 {[%clk 0:27:17]} Qh2+
{[%clk 0:25:53]} 33. Kf1 {[%clk 0:17:30]} Qh1+ {[%clk 0:25:40]} 1/2-1/2

[Event "High League 2022 men"]
[Site "Obninsk"]
[Date "2022.06.27"]
[Round "2.15"]
[White "Rozum, Ivan"]
[Black "Sviridov, Valery"]
[Result "0-1"]
[LiveChessVersion "1.4.7"]
[BlackElo "2571"]
[WhiteElo "2530"]

1. Nf3 {[%clk 1:30:56]} Nf6 {[%clk 1:30:44]} 2. g3 {[%clk 1:31:20]} e6
{[%clk 1:30:39]} 3. Bg2 {[%clk 1:30:26]} d5 {[%clk 1:30:55]} 4. O-O
{[%clk 1:30:35]} Be7 {[%clk 1:30:23]} 5. c4 {[%clk 1:30:36]} O-O {[%clk 1:30:37]}
6. d4 {[%clk 1:29:47]} dxc4 {[%clk 1:29:01]} 7. Qc2 {[%clk 1:29:32]} a6
{[%clk 1:28:42]} 8. a4 {[%clk 1:29:14]} Nc6 {[%clk 1:28:03]} 9. Qxc4
{[%clk 1:25:58]} Qd5 {[%clk 1:28:06]} 10. Nbd2 {[%clk 1:22:27]} Rd8
{[%clk 1:28:19]} 11. e3 {[%clk 1:21:53]} Qh5 {[%clk 1:28:12]} 12. h3
{[%clk 1:08:44]} Nd5 {[%clk 1:27:44]} 13. Qe2 {[%clk 1:01:50]} Ndb4
{[%clk 1:26:12]} 14. Nc4 {[%clk 0:57:08]} f6 {[%clk 1:07:14]} 15. Bd2
{[%clk 0:54:02]} a5 {[%clk 0:56:28]} 16. Rfd1 {[%clk 0:46:31]} b6
{[%clk 0:46:09]} 17. b3 {[%clk 0:42:53]} Ba6 {[%clk 0:43:59]} 18. Bc3
{[%clk 0:41:26]} Rd7 {[%clk 0:40:41]} 19. e4 {[%clk 0:32:50]} Bf8
{[%clk 0:34:30]} 20. Rd2 {[%clk 0:23:50]} Re8 {[%clk 0:31:13]} 21. Re1
{[%clk 0:23:41]} Rdd8 {[%clk 0:31:10]} 22. Qd1 {[%clk 0:23:35]} Qf7
{[%clk 0:23:38]} 23. Ne3 {[%clk 0:21:06]} Bb7 {[%clk 0:22:46]} 24. Qb1
{[%clk 0:18:14]} Ne7 {[%clk 0:22:02]} 25. Red1 {[%clk 0:17:18]} Nc8
{[%clk 0:22:25]} 26. Nh4 {[%clk 0:15:17]} g5 {[%clk 0:16:40]} 27. Nf3
{[%clk 0:15:35]} Nd6 {[%clk 0:17:04]} 28. Nh2 {[%clk 0:14:09]} f5
{[%clk 0:16:37]} 29. d5 {[%clk 0:12:12]} fxe4 {[%clk 0:14:32]} 30. Nhg4
{[%clk 0:11:47]} Bg7 {[%clk 0:14:22]} 31. Qa1 {[%clk 0:06:53]} exd5
{[%clk 0:12:41]} 32. Nf6+ {[%clk 0:05:22]} Kh8 {[%clk 0:08:42]} 33. Nh5
{[%clk 0:05:14]} Qxh5 {[%clk 0:08:28]} 34. Bxg7+ {[%clk 0:05:40]} Kg8
{[%clk 0:08:52]} 35. Ng4 {[%clk 0:05:52]} Re6 {[%clk 0:09:11]} 36. Nf6+
{[%clk 0:04:25]} Rxf6 {[%clk 0:09:35]} 37. Bxf6 {[%clk 0:04:24]} Re8
{[%clk 0:09:38]} 38. Be5 {[%clk 0:03:52]} Qg6 {[%clk 0:10:02]} 39. Bf1
{[%clk 0:01:11]} c5 {[%clk 0:08:47]} 40. Bc4 {[%clk 0:30:37]} Nf7
{[%clk 0:31:48]} 41. Rxd5 {[%clk 0:20:40]} Bxd5 {[%clk 0:32:00]} 42. Rxd5
{[%clk 0:20:27]} Nxd5 {[%clk 0:32:21]} 43. Bxd5 {[%clk 0:20:56]} Rd8
{[%clk 0:29:53]} 44. Bc4 {[%clk 0:18:38]} e3 {[%clk 0:29:59]} 45. fxe3
{[%clk 0:16:53]} Qc2 {[%clk 0:29:28]} 46. Qf1 {[%clk 0:15:29]} Rd1
{[%clk 0:29:28]} 47. Bxf7+ {[%clk 0:15:51]} Kf8 {[%clk 0:29:53]} 48. Bd6+
{[%clk 0:14:53]} Kg7 {[%clk 0:30:18]} 49. Be5+ {[%clk 0:15:13]} Kh6
{[%clk 0:30:42]} 50. g4 {[%clk 0:13:54]} Rxf1+ {[%clk 0:30:49]} 51. Kxf1
{[%clk 0:14:23]} Qe4 {[%clk 0:31:03]} 0-1

[Event "High League 2022 men"]
[Site "Obninsk"]
[Date "2022.06.27"]
[Round "2.16"]
[White "Kobalia, Mikhail"]
[Black "Tsvetkov, Andrey"]
[Result "1-0"]
[LiveChessVersion "1.4.7"]
[BlackElo "2398"]
[WhiteElo "2590"]

1. d4 {[%clk 1:29:32]} Nf6 {[%clk 1:29:36]} 2. c4 {[%clk 1:29:46]} e6
{[%clk 1:29:52]} 3. Nf3 {[%clk 1:30:12]} b6 {[%clk 1:28:30]} 4. g3
{[%clk 1:30:07]} Bb7 {[%clk 1:28:51]} 5. Bg2 {[%clk 1:30:31]} Bb4+
{[%clk 1:29:04]} 6. Bd2 {[%clk 1:22:47]} Be7 {[%clk 1:29:29]} 7. Nc3
{[%clk 1:23:09]} O-O {[%clk 1:29:47]} 8. O-O {[%clk 1:23:23]} c6 {[%clk 1:29:50]}
9. e4 {[%clk 1:14:43]} d5 {[%clk 1:29:44]} 10. e5 {[%clk 1:14:48]} Ne4
{[%clk 1:29:33]} 11. cxd5 {[%clk 1:06:26]} cxd5 {[%clk 1:29:57]} 12. Re1
{[%clk 1:06:39]} Nd7 {[%clk 1:03:50]} 13. h4 {[%clk 1:05:16]} Nxc3
{[%clk 0:50:07]} 14. Bxc3 {[%clk 1:04:39]} b5 {[%clk 0:49:23]} 15. Bf1
{[%clk 0:56:38]} Qb6 {[%clk 0:45:18]} 16. a4 {[%clk 0:50:37]} bxa4
{[%clk 0:42:25]} 17. Rxa4 {[%clk 0:50:44]} Bc6 {[%clk 0:39:01]} 18. Ra5
{[%clk 0:45:54]} Rfc8 {[%clk 0:30:31]} 19. Qa1 {[%clk 0:34:23]} Nb8
{[%clk 0:26:06]} 20. Rb1 {[%clk 0:33:04]} Be8 {[%clk 0:21:43]} 21. b4
{[%clk 0:31:05]} Qc7 {[%clk 0:19:12]} 22. Bd2 {[%clk 0:29:23]} Nd7
{[%clk 0:17:18]} 23. Rc1 {[%clk 0:28:36]} Qb6 {[%clk 0:17:16]} 24. Rxc8
{[%clk 0:18:27]} Rxc8 {[%clk 0:17:45]} 25. Ra6 {[%clk 0:18:44]} Qb8
{[%clk 0:17:22]} 26. b5 {[%clk 0:18:44]} Rc7 {[%clk 0:16:32]} 27. Bd3
{[%clk 0:17:07]} Rb7 {[%clk 0:13:43]} 28. Ba5 {[%clk 0:13:54]} Nf8
{[%clk 0:12:54]} 29. Rc6 {[%clk 0:10:50]} Bxc6 {[%clk 0:06:44]} 30. bxc6
{[%clk 0:11:18]} Rb3 {[%clk 0:07:13]} 31. c7 {[%clk 0:09:51]} Qc8
{[%clk 0:06:34]} 32. Qf1 {[%clk 0:09:54]} Rxd3 {[%clk 0:00:57]} 33. Qxd3
{[%clk 0:10:14]} Nd7 {[%clk 0:01:18]} 34. Qb5 {[%clk 0:09:50]} Ba3
{[%clk 0:01:24]} 35. Ne1 {[%clk 0:09:37]} Kf8 {[%clk 0:01:02]} 36. Nd3
{[%clk 0:08:00]} Ke8 {[%clk 0:00:33]} 37. Nc5 {[%clk 0:07:30]} Bxc5
{[%clk 0:00:32]} 38. dxc5 {[%clk 0:07:56]} a6 {[%clk 0:00:45]} 39. Qc6
{[%clk 0:08:00]} d4 {[%clk 0:00:53]} 1-0